000 00549nam a2200169 a 4500
005 20140310183308.0
008 050906s19uu xx 00 eng d
020 _a8179923924
050 _aHD 30.3
_b.C337 2005
245 _aCase studies for organizational communication :
_bunderstanding communication processes /
260 _aIndia :
_bJaico Publishing House,
_c2005.
300 _a403 p. :
_c25 cm.
650 _aCommunications in organization
_xCase studies.
700 _aZalabak-Shockley, Pamela
942 _cBK
_2lcc
_kFOR
999 _c21101
_d21101